| 000 | 01138nab a22002297a 4500 | ||
|---|---|---|---|
| 999 |
_c5996 _d5996 |
||
| 003 | OSt | ||
| 005 | 20260115192322.0 | ||
| 008 | 190605e xxu||||| |||| 00| 0 spa d | ||
| 040 | _cPJ | ||
| 100 |
_96812 _aDe Lourdes Fourcade, Viviana |
||
| 245 | 1 | 0 |
_aDesandar el camino andado. Derecho a la igualdad en el mundo del trabajo / _cViviana De Lourdes Fourcade. |
| 260 |
_aCiudad Autónoma de Buenos Aires : _bThomson Reuters La Ley, _c2025. |
||
| 300 | _ap. 46-54 | ||
| 500 | _aCita Online: Cita: TR LALEY AR/DOC/343/2025. | ||
| 505 | _aSumario: I. Introducción.— II. Desarrollo.— III. ¿Por qué y para qué es importante la perspectiva de género en el mundo del trabajo?— IV. Corolario.— V. Conclusión.— VI. Bibliografía. | ||
| 505 | _t¿Te interesa el texto completo? Solicitalo al correo: koha@justierradelfuego.gov.ar | ||
| 650 | 0 |
_91316 _aDERECHO LABORAL |
|
| 650 | 0 |
_91237 _aIGUALDAD ANTE LA LEY |
|
| 650 | 0 |
_94044 _aPERSPECTIVA DE GÉNERO |
|
| 773 | 0 |
_02711 _93168 _dCiudad Autónoma de Buenos Aires : Thomson Reuters La Ley, 1999-2002. _tRevista de derecho del trabajo. Nº 2 - Marzo 2025 |
|
| 942 |
_2udc _cANA |
||